| 000 | 02103nam0a2200421 i 4500 | ||
|---|---|---|---|
| 001 | RU\NLR\bibl\1978989 | ||
| 005 | 20260406013832.0 | ||
| 010 |
_a978591520272 _9500 |
||
| 021 |
_aRU _b2012-91636 _96781 |
||
| 035 | _a(nilc)RSL-KNO-005575140 | ||
| 035 | _a(NLR Aleph) 001967715 | ||
| 090 |
_a3912716 _c3912716 |
||
| 100 | _a20121205d2012 u y0rusy50 ca | ||
| 101 | 0 |
_arus _aeng |
|
| 102 | _aRU | ||
| 105 | _aa ||||||||| | ||
| 200 | 1 |
_aВоенная цензура в СССР 1941-1953 _eMilitary censorship in the USSR 1941-1953 _fА.А. Винокуров, С.Б. Ткаченко _zeng |
|
| 205 | _a2-е изд., испр. и доп. | ||
| 210 |
_aМосква _cУлей _d2012 |
||
| 215 |
_a151 с. _cил., цв. ил. _d30 |
||
| 300 | _aАвт. также на англ. яз.: A.A. Vinokurov, S.B. Tkachenko | ||
| 300 | _aТекст на рус. и англ. яз. | ||
| 320 | _aБиблиогр.: с. 62-63 | ||
| 510 | 1 |
_6z11790 _aMilitary censorship in the USSR 1941-1953 _zeng |
|
| 606 | 1 |
_aВоинская почтовая корреспонденция _xЦензура _xИстория _yСССР _92560899 _3RU\NLR\auth\661514885 |
|
| 606 | 1 |
_aПочтовые открытки маркированные художественные _yСССР _z1941 - 1953 _92132573 _3RU\NLR\auth\661590491 |
|
| 686 | _aЩ153(2)7-489 | ||
| 686 | _aЦ571.71г(2) | ||
| 700 | 1 |
_4070 _8rus _7ca _aВинокуров _bА. А. _f1931-2012 _gАрдалион Алексеевич _3RU\NLR\auth\77119326 _9102251 |
|
| 701 | 1 |
_4070 _8rus _7ca _aТкаченко _bС. Б. _cархитектор, филателист _f1953- _gСергей Борисович _3RU\NLR\auth\77119332 _9102257 |
|
| 790 | 1 |
_4070 _8rus _7ba _aVinokurov _bA. A. _f1931-2012 _gArdalion Alekseevič _3RU\NLR\auth\77119329 _9102254 |
|
| 790 | 1 |
_4070 _8rus _7ba _aTkačenko _bS. B. _cархитектор, филателист _f1953- _gSergej Borisovič _3RU\NLR\auth\77119333 _9102258 |
|
| 801 | 0 |
_aRU _bRuMoRKP _c20121205 _grcr |
|
| 801 | 1 |
_aRU _bРГБ _c20121205 |
|
| 801 | 2 |
_aRU _bNLR _c20121212 _grcr |
|
| 942 | _cBOOK | ||
| 980 | _aNBR | ||